A neveléstudományok és a pedagógia helyzete
Elmentve itt :
| Szerző: | |
|---|---|
| Dokumentumtípus: | Cikk |
| Megjelent: |
1997
|
| Sorozat: | Iskolakultúra
7 No. 4 |
| Online Access: | http://misc.bibl.u-szeged.hu/40887 |
| LEADER | 00565nab a2200169 i 4500 | ||
|---|---|---|---|
| 001 | misc40887 | ||
| 005 | 20191106141018.0 | ||
| 008 | 180709s1997 hu o 0|| zxx d | ||
| 022 | |a 1215-5233 | ||
| 040 | |a SZTE Miscellanea Repozitórium |b hun | ||
| 041 | |a zxx | ||
| 100 | 1 | |a Kovács Sándor | |
| 245 | 1 | 2 | |a A neveléstudományok és a pedagógia helyzete |h [elektronikus dokumentum] / |c Kovács Sándor |
| 260 | |c 1997 | ||
| 300 | |a 93-98 | ||
| 490 | 0 | |a Iskolakultúra |v 7 No. 4 | |
| 856 | 4 | 0 | |u http://misc.bibl.u-szeged.hu/40887/1/5_EPA00011_iskolakultura_1997-4.pdf |z Dokumentum-elérés |